| 000 | 01443nam a22002297a 4500 | ||
|---|---|---|---|
| 999 |
_c58838 _d58838 |
||
| 003 | Ge_BSU | ||
| 005 | 20221006134843.0 | ||
| 008 | 221006s2010 ge ||||| |||| 00| 0 geo d | ||
| 020 | _a9789941412172 | ||
| 041 | _ageo | ||
| 080 | _a1(479.22)(09) ქ-27 | ||
| 245 |
_aქართული ფილოსოფიური აზრის ისტორია : _bტ. 2, XIII-XVIII საუკუნეები / _c[მთ. რედ. მიხეილ მახარაძე ; ტომის რედ. სერგი ავალიანი] ; საქ. მეცნ. აკად., ფილოსოფიის ინ-ტი. |
||
| 264 |
_aბათუმი : _bშოთა რუსთაველის სახელმწ. უნ-ტი, _c2010. |
||
| 300 | _a400 გვ. | ||
| 501 | _aშენიშვნები: გვ. 363-382. საძიებელი: 383-395. | ||
| 520 | _aრეზ. ინგლ. | ||
| 653 | _a ქართული ფილოსოფიური აზრის ისტორია | ||
| 700 |
_aმახარაძე, მიხეილ _eრედაქტორი _915090 |
||
| 700 |
_aავალიანი, სერგი _eრედაქტორი _9356 |
||
| 710 |
_aსაქართველოს მეცნიერებათა აკადემია. _bფილოსოფიის ინსტიტუტი. _915091 |
||
| 942 |
_2udc _cBK |
||